000 00627nam a2200229Ia 4500
005 20250206042045.0
008 240331s9999 xx 000 0 und d
020 _a0803986750
082 _bRAD
_23396
_a305.4
245 0 _aPower/Gender:
_bSocial Relations in Theory and Practice
260 _aLondon;
_aCalifornia;
_aNew Delhi
_bSAGE Publication
_c1994
300 _ax, 317 p.,
650 _aGender
650 _aSocial Science
650 _aWomen's Studies
650 _aSocial Psychology
650 _aFeminist Theory
650 _aPolitics
700 _aRadtke, H. L
_eedt
700 _aStam, H. J
_eedt
942 _cL
999 _c1601
_d1601